Les joueurs du PSG en Ligue des Champions 2023/24. - Statistiques

Statistiques générales
  • Ce quiz a été pris 23 fois
  • Le résultat moyen est 17 sur 21
Statistiques - réponses
Pays Ages Joueurs Minutes G+A Notes % Correct
Maroc 24 Achraf Hakimi 983 2 7.26
100%
Italie 24 Gianluigi Donnarumma 1080 0 7.03
100%
France 24 Kylian Mbappé 1080 8 7.69
100%
Espagne 27 Fabian Ruiz 621 2 7.19
95%
Brésil 29 Marquinhos 900 1 7.05
95%
Portugal 23 Vitinha 916 3 7.48
95%
France 17 Warren Zaïre-Emery 905 4 7.03
95%
France 20 Bradley Barcola 475 2 6.79
90%
Corée du Sud 22 Kang-In Lee 342 2 7.14
90%
Uruguay 22 Manuel Ugarte 392 0 6.48
90%
Portugal 21 Nuno Mendes 422 0 7.12
90%
France 27 Lucas Hernandez 843 1 6.81
86%
Slovaquie 28 Milan Skriniar 539 1 7.10
86%
France 26 Ousmane Dembélé 954 3 7.35
86%
Portugal 22 Gonçalo Ramos 216 0 6.64
81%
Portugal 31 Danilo Pereira 160 0 7.20
76%
Brésil 19 Lucas Beraldo 408 0 7.00
71%
Espagne 26 Carlos Soler 8 0 6.40
67%
Espagne 27 Marco Asensio 125 0 6.83
67%
France 24 Randal Kolo Muani 473 1 6.68
48%
France 25 Nordi Mukiele 55 0 6.55
38%
Aucun quiz correspondant
Distribution des résultats
% des personnes avec chaque résultat
Percentile par nombre de réponses
Votre historique - résultats
Vous n’avez pas pris ce quiz